[Event "Ch_SFO"]
[Site "?"]
[Date "2018.03.17"]
[Round "3.16"]
[White "Anikonov, Dmitry"]
[Black "Minachev, Maksim"]
[Result "1-0"]
[BlackElo "1990"]
[WhiteElo "2398"]
[LiveChessVersion "1.4.8"]

1. Nf3 {[%clk 1:24:50]} Nf6 {[%clk 1:30:26]} 2. g3 {[%clk 1:24:10]} d5
{[%clk 1:30:51]} 3. Bg2 {[%clk 1:24:29]} c5 {[%clk 1:30:20]} 4. O-O
{[%clk 1:24:42]} Nc6 {[%clk 1:30:40]} 5. d3 {[%clk 1:25:00]} e6 {[%clk 1:29:07]}
6. Nbd2 {[%clk 1:24:18]} Be7 {[%clk 1:25:30]} 7. e4 {[%clk 1:24:39]} O-O
{[%clk 1:22:41]} 8. Qe2 {[%clk 1:24:31]} b6 {[%clk 1:19:51]} 9. e5
{[%clk 1:22:41]} Ne8 {[%clk 1:14:08]} 10. Re1 {[%clk 1:22:39]} f6
{[%clk 1:06:12]} 11. exf6 {[%clk 1:19:34]} Bxf6 {[%clk 1:05:56]} 12. Nf1
{[%clk 1:18:49]} Nc7 {[%clk 1:00:04]} 13. c3 {[%clk 1:07:00]} Qe7
{[%clk 0:40:49]} 14. Bf4 {[%clk 1:05:31]} g5 {[%clk 0:39:29]} 15. Ne5
{[%clk 1:00:20]} Qg7 {[%clk 0:26:32]} 16. Nxc6 {[%clk 1:00:12]} gxf4
{[%clk 0:26:55]} 17. Ne5 {[%clk 1:00:29]} Bb7 {[%clk 0:22:11]} 18. Nd2
{[%clk 0:57:50]} fxg3 {[%clk 0:20:00]} 19. hxg3 {[%clk 0:57:56]} Rae8
{[%clk 0:19:17]} 20. Qh5 {[%clk 0:57:37]} Ba6 {[%clk 0:12:44]} 21. Ndf3
{[%clk 0:55:48]} Nb5 {[%clk 0:10:15]} 22. Rad1 {[%clk 0:54:46]} Nd6
{[%clk 0:09:47]} 23. Ng4 {[%clk 0:52:58]} Bb7 {[%clk 0:06:52]} 24. Nfe5
{[%clk 0:52:43]} Bxe5 {[%clk 0:05:46]} 25. Rxe5 {[%clk 0:51:58]} Nf7
{[%clk 0:04:38]} 26. Re2 {[%clk 0:50:59]} Ba6 {[%clk 0:03:54]} 27. Re3
{[%clk 0:50:28]} d4 {[%clk 0:03:02]} 28. cxd4 {[%clk 0:50:46]} Qxd4
{[%clk 0:02:55]} 29. Be4 {[%clk 0:51:05]} Qg7 {[%clk 0:03:05]} 30. Bxh7+
{[%clk 0:51:20]} Kh8 {[%clk 0:03:23]} 31. Bg6+ {[%clk 0:51:44]} Kg8
{[%clk 0:03:44]} 32. Nf6+ {[%clk 0:52:08]} Qxf6 {[%clk 0:04:09]} 33. Qh7#
{[%clk 0:52:35]} 1-0

[Event "Ch_SFO"]
[Site "?"]
[Date "2018.03.17"]
[Round "3.17"]
[White "Kazantsev, A.A."]
[Black "Ergeshov, Timur"]
[Result "0-1"]
[BlackElo "2276"]
[WhiteElo "1968"]
[LiveChessVersion "1.4.8"]

1. c4 {[%clk 1:30:58]} Nf6 {[%clk 1:22:42]} 2. Nc3 {[%clk 1:31:25]} e6
{[%clk 1:23:06]} 3. e4 {[%clk 1:31:49]} c5 {[%clk 1:23:33]} 4. e5
{[%clk 1:32:12]} Ng8 {[%clk 1:23:54]} 5. d4 {[%clk 1:32:35]} cxd4
{[%clk 1:24:20]} 6. Qxd4 {[%clk 1:32:58]} Nc6 {[%clk 1:24:46]} 7. Qe4
{[%clk 1:32:39]} d6 {[%clk 1:25:01]} 8. Nf3 {[%clk 1:31:24]} dxe5
{[%clk 1:25:20]} 9. Nxe5 {[%clk 1:31:36]} Bd7 {[%clk 1:25:40]} 10. Nxd7
{[%clk 1:24:09]} Qxd7 {[%clk 1:26:04]} 11. Bg5 {[%clk 1:24:06]} Bb4
{[%clk 1:26:25]} 12. Rd1 {[%clk 1:21:06]} Qc7 {[%clk 1:26:42]} 13. Be2
{[%clk 1:19:39]} Bxc3+ {[%clk 1:23:00]} 14. bxc3 {[%clk 1:16:36]} Nge7
{[%clk 1:20:02]} 15. O-O {[%clk 1:04:07]} O-O {[%clk 1:19:57]} 16. Bd3
{[%clk 0:57:54]} Ng6 {[%clk 1:19:29]} 17. h4 {[%clk 0:57:06]} Qe5
{[%clk 1:17:46]} 18. Qf3 {[%clk 0:45:27]} h6 {[%clk 0:58:38]} 19. h5
{[%clk 0:45:27]} Qxg5 {[%clk 0:58:38]} 20. hxg6 {[%clk 0:45:27]} f5
{[%clk 0:58:38]} 21. Qe2 {[%clk 0:45:27]} Qxg6 {[%clk 0:58:38]} 22. Rb1
{[%clk 0:45:27]} Rf7 {[%clk 0:58:38]} 23. c5 {[%clk 0:45:27]} Kh8
{[%clk 0:52:54]} 24. Bc4 {[%clk 0:40:48]} Re7 {[%clk 0:53:19]} 25. Rfd1
{[%clk 0:41:03]} Qf6 26. Rd6 {[%clk 0:38:03]} Qxc3 {[%clk 0:51:13]} 27. Rb3
{[%clk 0:37:54]} Qa1+ {[%clk 0:50:25]} 28. Rd1 {[%clk 0:37:57]} Qe5
{[%clk 0:50:35]} 29. Re3 {[%clk 0:25:43]} Qxc5 {[%clk 0:50:45]} 0-1

[Event "Ch_SFO"]
[Site "?"]
[Date "2018.03.17"]
[Round "3.18"]
[White "Kuznetsov, Andrei S"]
[Black "Tyatyushkin, Danil"]
[Result "1-0"]
[BlackElo "1958"]
[WhiteElo "2259"]
[LiveChessVersion "1.4.8"]

1. e4 {[%clk 1:20:11]} e5 {[%clk 1:30:50]} 2. Nf3 {[%clk 1:20:28]} Nc6
{[%clk 1:31:13]} 3. Bb5 {[%clk 1:20:47]} a6 {[%clk 1:31:10]} 4. Ba4
{[%clk 1:21:06]} Nf6 {[%clk 1:31:32]} 5. O-O {[%clk 1:21:29]} Be7
{[%clk 1:31:37]} 6. Re1 {[%clk 1:21:47]} b5 {[%clk 1:31:55]} 7. Bb3
{[%clk 1:22:15]} O-O {[%clk 1:32:13]} 8. a4 {[%clk 1:21:59]} Rb8 {[%clk 1:29:11]}
9. axb5 {[%clk 1:22:13]} axb5 {[%clk 1:29:34]} 10. Nc3 {[%clk 1:22:22]} d6
{[%clk 1:29:20]} 11. Nd5 {[%clk 1:22:43]} Nxd5 {[%clk 1:25:41]} 12. Bxd5
{[%clk 1:23:11]} Nb4 {[%clk 1:23:16]} 13. Bb3 {[%clk 1:23:30]} c5
{[%clk 1:23:11]} 14. d3 {[%clk 1:23:44]} Nc6 {[%clk 1:21:38]} 15. Bd5
{[%clk 1:24:05]} Nb4 {[%clk 1:21:32]} 16. Bb3 {[%clk 1:24:24]} Nc6
{[%clk 1:21:55]} 17. c3 {[%clk 1:24:45]} Bg4 {[%clk 1:14:29]} 18. h3
{[%clk 1:25:07]} Be6 {[%clk 1:09:18]} 19. Bxe6 {[%clk 1:23:45]} fxe6
{[%clk 1:09:34]} 20. d4 {[%clk 1:24:10]} exd4 {[%clk 1:07:48]} 21. cxd4
{[%clk 1:24:38]} c4 {[%clk 1:00:29]} 22. d5 {[%clk 1:24:35]} Nb4 {[%clk 1:00:41]}
23. Nd4 {[%clk 1:24:29]} Rf7 {[%clk 0:38:13]} 24. dxe6 {[%clk 1:18:07]} Rf8
{[%clk 0:38:20]} 25. Ra7 {[%clk 1:17:37]} d5 {[%clk 0:19:18]} 26. Nf5
{[%clk 1:17:27]} Rxf5 {[%clk 0:16:19]} 27. exf5 {[%clk 1:17:48]} Nd3
{[%clk 0:15:36]} 28. Qh5 {[%clk 1:17:17]} Bf6 {[%clk 0:11:55]} 29. Bh6
{[%clk 1:12:36]} Qf8 {[%clk 0:09:57]} 30. Bxg7 {[%clk 1:09:41]} Bxg7
{[%clk 0:10:17]} 31. Rf7 {[%clk 1:10:02]} Qc5 {[%clk 0:04:19]} 32. Rxg7+
{[%clk 1:09:20]} Kxg7 {[%clk 0:04:41]} 33. Qf7+ {[%clk 1:09:32]} Kh8
{[%clk 0:04:50]} 34. Qf6+ {[%clk 1:09:48]} Kg8 {[%clk 0:05:16]} 35. Re3
{[%clk 1:09:56]} Nxf2 {[%clk 0:02:42]} 36. Kxf2 {[%clk 1:08:30]} Rf8
{[%clk 0:02:08]} 37. Qg5+ {[%clk 1:08:42]} Kh8 {[%clk 0:02:32]} 38. e7
{[%clk 1:08:53]} Re8 {[%clk 0:01:52]} 39. f6 {[%clk 1:09:11]} Rg8
{[%clk 0:01:54]} 40. Qxg8+ {[%clk 1:09:26]} 1-0

[Event "Ch_SFO"]
[Site "?"]
[Date "2018.03.17"]
[Round "3.19"]
[White "Kiyanovsky, Vladimir"]
[Black "Kyshtymov, Daniil"]
[Result "0-1"]
[BlackElo "2217"]
[WhiteElo "1955"]
[LiveChessVersion "1.4.8"]

1. d4 {[%clk 1:30:57]} Nf6 {[%clk 1:25:45]} 2. Bf4 {[%clk 1:30:57]} c5
{[%clk 1:17:17]} 3. e3 {[%clk 1:30:01]} d6 {[%clk 1:11:07]} 4. c3
{[%clk 1:30:14]} Nbd7 {[%clk 1:11:13]} 5. Bd3 {[%clk 1:29:19]} g6
{[%clk 1:10:49]} 6. Nf3 {[%clk 1:28:52]} Bg7 {[%clk 1:09:07]} 7. Nbd2
{[%clk 1:28:02]} O-O {[%clk 1:05:18]} 8. h3 {[%clk 1:28:08]} b6 {[%clk 1:00:07]}
9. O-O {[%clk 1:27:20]} Bb7 {[%clk 0:59:47]} 10. e4 {[%clk 1:25:43]} e5
{[%clk 0:45:25]} 11. Bh2 {[%clk 1:19:05]} Re8 {[%clk 0:41:43]} 12. d5
{[%clk 1:16:13]} Nh5 {[%clk 0:36:23]} 13. a4 {[%clk 1:13:23]} a6 {[%clk 0:32:56]}
14. Nc4 {[%clk 1:09:47]} Qe7 {[%clk 0:22:51]} 15. Qb3 {[%clk 1:08:32]} Rab8
{[%clk 0:18:55]} 16. Rfe1 {[%clk 1:04:19]} Bc8 {[%clk 0:17:35]} 17. Ne3
{[%clk 1:01:49]} Nf4 {[%clk 0:15:48]} 18. Bf1 {[%clk 1:01:41]} Nf8
{[%clk 0:12:57]} 19. c4 {[%clk 1:00:25]} Bd7 {[%clk 0:09:34]} 20. Qc2
{[%clk 0:54:47]} h5 {[%clk 0:09:09]} 21. a5 {[%clk 0:54:11]} b5 {[%clk 0:08:45]}
22. cxb5 {[%clk 0:54:19]} axb5 {[%clk 0:08:54]} 23. b3 {[%clk 0:51:23]} Qf6
{[%clk 0:07:08]} 24. a6 {[%clk 0:51:05]} Nxh3+ {[%clk 0:06:22]} 25. gxh3
{[%clk 0:49:03]} Qxf3 {[%clk 0:06:46]} 26. Bg2 {[%clk 0:49:09]} Qf6
{[%clk 0:07:05]} 27. a7 {[%clk 0:49:06]} Ra8 {[%clk 0:07:08]} 28. Ra6
{[%clk 0:47:26]} Rec8 {[%clk 0:03:56]} 29. Rea1 {[%clk 0:47:28]} Rc7
{[%clk 0:03:33]} 30. Qa2 {[%clk 0:45:49]} Qe7 {[%clk 0:03:03]} 31. Qd2
{[%clk 0:40:01]} Nh7 {[%clk 0:01:26]} 32. f4 {[%clk 0:39:49]} exf4
{[%clk 0:00:49]} 33. Bxf4 {[%clk 0:40:16]} Bxa1 {[%clk 0:00:36]} 34. Bxd6
{[%clk 0:40:31]} Qf6 {[%clk 0:00:34]} 35. e5 {[%clk 0:32:27]} Bxe5
{[%clk 0:00:33]} 36. Bxe5 {[%clk 0:32:17]} Qxe5 {[%clk 0:00:41]} 37. d6
{[%clk 0:32:36]} Rcxa7 {[%clk 0:00:53]} 38. Rxa7 {[%clk 0:29:58]} Rxa7
{[%clk 0:01:19]} 39. Nd5 {[%clk 0:28:24]} Qd4+ {[%clk 0:00:58]} 40. Qxd4
{[%clk 0:28:50]} cxd4 {[%clk 0:01:26]} 41. Ne7+ {[%clk 0:28:12]} Kg7
{[%clk 0:01:43]} 42. Nc6 {[%clk 0:28:29]} Bxc6 {[%clk 0:02:06]} 43. Bxc6
{[%clk 0:28:52]} Nf8 {[%clk 0:02:24]} 0-1

[Event "Ch_SFO"]
[Site "?"]
[Date "2018.03.17"]
[Round "3.20"]
[White "Tsybikov, Tumen"]
[Black "Malezkey, Vladimir"]
[Result "1-0"]
[BlackElo "1952"]
[WhiteElo "2213"]
[LiveChessVersion "1.4.8"]

1. e4 {[%clk 1:30:58]} e5 {[%clk 1:26:33]} 2. Nf3 {[%clk 1:31:19]} Nc6
{[%clk 1:26:56]} 3. Bc4 {[%clk 1:31:43]} Nf6 {[%clk 1:26:50]} 4. d3
{[%clk 1:32:03]} Be7 {[%clk 1:27:02]} 5. O-O {[%clk 1:32:22]} O-O
{[%clk 1:25:30]} 6. Re1 {[%clk 1:32:38]} d6 {[%clk 1:25:24]} 7. a4
{[%clk 1:33:03]} Bg4 {[%clk 1:24:59]} 8. a5 {[%clk 1:29:53]} Nd4 {[%clk 1:23:32]}
9. Nbd2 {[%clk 1:29:36]} b5 {[%clk 1:22:28]} 10. Ba2 {[%clk 1:27:00]} Qd7
{[%clk 1:17:23]} 11. c3 {[%clk 1:24:48]} Nxf3+ {[%clk 1:17:29]} 12. Nxf3
{[%clk 1:25:13]} c6 {[%clk 1:15:07]} 13. h3 {[%clk 1:24:29]} Bh5 {[%clk 1:14:54]}
14. Bg5 {[%clk 1:20:11]} Ne8 {[%clk 1:09:43]} 15. Nxe5 {[%clk 1:16:15]} dxe5
{[%clk 0:59:02]} 16. Qxh5 {[%clk 1:16:36]} Bxg5 {[%clk 0:55:11]} 17. Qxg5
{[%clk 1:17:00]} Nf6 {[%clk 0:52:01]} 18. Re3 {[%clk 1:15:04]} Qc7
{[%clk 0:49:48]} 19. b4 {[%clk 1:09:29]} Kh8 {[%clk 0:48:09]} 20. Rf1
{[%clk 1:07:38]} Ng8 21. Qg3 {[%clk 1:04:05]} c5 {[%clk 0:44:30]} 22. d4
{[%clk 1:00:30]} cxd4 {[%clk 0:42:20]} 23. cxd4 {[%clk 1:00:56]} Qe7
{[%clk 0:41:38]} 24. Qxe5 {[%clk 0:59:36]} Qxb4 {[%clk 0:41:29]} 25. Rg3
{[%clk 0:57:54]} Nf6 {[%clk 0:35:23]} 26. Rxg7 {[%clk 0:53:20]} Kxg7
{[%clk 0:35:00]} 27. Qg5+ {[%clk 0:53:38]} Kh8 {[%clk 0:35:19]} 28. Qxf6+
{[%clk 0:54:04]} Kg8 {[%clk 0:35:40]} 29. Rb1 {[%clk 0:54:24]} Qd2
{[%clk 0:33:53]} 30. Rb3 {[%clk 0:54:24]} Qd1+ {[%clk 0:26:16]} 31. Kh2
{[%clk 0:54:46]} Qxb3 {[%clk 0:26:18]} 32. Bxb3 {[%clk 0:55:10]} Rac8
{[%clk 0:26:18]} 33. e5 {[%clk 0:55:10]} Rc3 {[%clk 0:25:09]} 34. Bd5
{[%clk 0:53:56]} Rc7 {[%clk 0:23:24]} 35. e6 {[%clk 0:53:59]} fxe6
{[%clk 0:23:23]} 36. Bxe6+ {[%clk 0:54:17]} Rff7 {[%clk 0:23:49]} 37. d5
{[%clk 0:54:22]} Kf8 {[%clk 0:23:56]} 38. Qh8+ {[%clk 0:54:47]} 1-0

[Event "Ch_SFO"]
[Site "?"]
[Date "2018.03.17"]
[Round "4.1"]
[White "Yanuchenko, Polina"]
[Black "Loskutova, Viktoriya"]
[Result "1/2-1/2"]
[BlackElo "2027"]
[WhiteElo "2105"]
[LiveChessVersion "1.4.8"]

1. d4 {[%clk 1:30:56]} d5 {[%clk 1:30:57]} 2. c4 {[%clk 1:31:19]} e6
{[%clk 1:31:25]} 3. Nc3 {[%clk 1:31:35]} Bb4 {[%clk 1:31:51]} 4. Nf3
{[%clk 1:23:41]} Nf6 {[%clk 1:32:15]} 5. Bg5 {[%clk 1:22:05]} h6 {[%clk 1:32:34]}
6. Bh4 {[%clk 1:22:10]} g5 {[%clk 1:29:27]} 7. Bg3 {[%clk 1:22:15]} Ne4
{[%clk 1:29:52]} 8. Qc2 {[%clk 1:16:35]} h5 {[%clk 1:30:10]} 9. h3
{[%clk 1:11:19]} Nxg3 {[%clk 1:30:20]} 10. fxg3 {[%clk 1:11:45]} Qd6
{[%clk 1:15:05]} 11. O-O-O {[%clk 1:04:53]} Bxc3 {[%clk 1:13:01]} 12. Qxc3
{[%clk 1:04:59]} Qxg3 {[%clk 1:06:38]} 13. cxd5 {[%clk 1:00:49]} exd5
{[%clk 1:06:17]} 14. Qe3+ {[%clk 0:56:53]} Be6 {[%clk 1:06:41]} 15. Qxg5
{[%clk 0:56:37]} Qxg5+ {[%clk 1:06:44]} 16. Nxg5 {[%clk 0:57:02]} Nd7
{[%clk 1:03:37]} 17. Nxe6 {[%clk 0:44:33]} fxe6 {[%clk 1:04:01]} 18. e3
{[%clk 0:44:21]} Rg8 {[%clk 1:01:32]} 19. Be2 {[%clk 0:35:20]} h4
{[%clk 0:49:57]} 20. Bf3 {[%clk 0:32:24]} Nf6 {[%clk 0:49:19]} 21. Rhf1
{[%clk 0:30:58]} Ke7 {[%clk 0:48:54]} 22. Rde1 {[%clk 0:27:56]} Raf8
{[%clk 0:47:36]} 23. e4 {[%clk 0:21:21]} Nxe4 {[%clk 0:47:21]} 24. Bxe4
{[%clk 0:21:29]} Rxf1 {[%clk 0:47:46]} 25. Rxf1 {[%clk 0:21:56]} dxe4
{[%clk 0:48:13]} 26. Re1 {[%clk 0:21:23]} Rxg2 {[%clk 0:48:04]} 27. Rxe4
{[%clk 0:21:48]} Rg1+ {[%clk 0:47:06]} 28. Kd2 {[%clk 0:20:28]} Rg2+
{[%clk 0:47:30]} 29. Kc1 {[%clk 0:20:30]} Rg1+ {[%clk 0:43:22]} 30. Kd2
{[%clk 0:20:49]} Rg2+ {[%clk 0:43:18]} 31. Kc1 {[%clk 0:20:57]} Rg1+
{[%clk 0:41:17]} 32. Kd2 {[%clk 0:21:21]} Rg2+ {[%clk 0:41:38]} 33. Kc1
{[%clk 0:21:42]} 1/2-1/2

[Event "Ch_SFO"]
[Site "?"]
[Date "2018.03.17"]
[Round "4.2"]
[White "Maletina, Tatiana"]
[Black "Zotova, Anastasia"]
[Result "1-0"]
[BlackElo "2032"]
[WhiteElo "2214"]
[LiveChessVersion "1.4.8"]

1. d4 {[%clk 1:30:58]} Nf6 {[%clk 1:30:56]} 2. Bg5 {[%clk 1:31:23]} Ne4
{[%clk 1:31:18]} 3. Bf4 {[%clk 1:31:49]} d5 {[%clk 1:31:40]} 4. e3
{[%clk 1:32:01]} c5 {[%clk 1:31:36]} 5. f3 {[%clk 1:31:49]} Qa5+ {[%clk 1:30:41]}
6. c3 {[%clk 1:30:58]} Nf6 {[%clk 1:30:52]} 7. Nd2 {[%clk 1:31:18]} e6
{[%clk 1:29:35]} 8. Bd3 {[%clk 1:31:19]} Nbd7 {[%clk 1:29:12]} 9. Bg5
{[%clk 1:30:30]} Be7 {[%clk 1:28:07]} 10. f4 {[%clk 1:30:53]} cxd4
{[%clk 1:27:24]} 11. exd4 {[%clk 1:30:57]} Qc7 {[%clk 1:27:15]} 12. Ngf3
{[%clk 1:30:33]} h6 {[%clk 1:27:01]} 13. Bxf6 {[%clk 1:30:56]} gxf6
{[%clk 1:25:39]} 14. O-O {[%clk 1:26:44]} Qxf4 {[%clk 1:24:09]} 15. Qe2
{[%clk 1:26:25]} Qg4 {[%clk 1:23:51]} 16. c4 {[%clk 1:18:58]} Nb6
{[%clk 1:20:16]} 17. c5 {[%clk 1:19:22]} Nd7 {[%clk 1:20:02]} 18. h3
{[%clk 1:07:12]} Qg3 {[%clk 1:19:25]} 19. Rfe1 {[%clk 1:07:08]} Rg8
{[%clk 1:18:38]} 20. Kh1 {[%clk 1:07:32]} e5 {[%clk 1:13:48]} 21. Nf1
{[%clk 1:07:49]} Qg7 {[%clk 1:13:44]} 22. Ne3 {[%clk 1:07:55]} e4
{[%clk 1:12:53]} 23. Nxd5 {[%clk 1:07:44]} f5 {[%clk 1:12:58]} 24. Nc7+
{[%clk 1:03:13]} Kd8 {[%clk 1:13:22]} 25. Nxa8 {[%clk 1:03:39]} Nf6
{[%clk 1:13:37]} 26. Ne5 {[%clk 1:00:46]} Nh5 {[%clk 1:13:20]} 27. Qf2
{[%clk 1:00:42]} exd3 {[%clk 1:13:01]} 28. g4 {[%clk 0:37:29]} Be6
{[%clk 1:12:46]} 29. Qf3 {[%clk 0:35:03]} Nf6 {[%clk 1:13:10]} 30. Kh2
{[%clk 0:35:18]} Kc8 {[%clk 1:09:33]} 31. Nc6 {[%clk 0:32:43]} bxc6
{[%clk 1:08:39]} 32. Qxc6+ {[%clk 0:33:09]} Kb8 {[%clk 1:09:06]} 33. Nc7
{[%clk 0:33:24]} Bc4 {[%clk 1:04:08]} 34. Rxe7 {[%clk 0:33:17]} Rc8
{[%clk 1:04:26]} 35. Qa8# {[%clk 0:33:42]} 1-0

[Event "Ch_SFO"]
[Site "?"]
[Date "2018.03.17"]
[Round "4.3"]
[White "Petrukhina, Olga"]
[Black "Erdenieva, Oyuna"]
[Result "1/2-1/2"]
[BlackElo "2079"]
[WhiteElo "2133"]
[LiveChessVersion "1.4.8"]

1. Nf3 {[%clk 1:30:58]} d5 {[%clk 1:30:22]} 2. c4 {[%clk 1:31:27]} c6
{[%clk 1:30:35]} 3. g3 {[%clk 1:31:56]} Bg4 {[%clk 1:30:44]} 4. Bg2
{[%clk 1:32:03]} Nd7 {[%clk 1:31:08]} 5. cxd5 {[%clk 1:30:41]} cxd5
{[%clk 1:31:22]} 6. Qb3 {[%clk 1:30:07]} Nb6 {[%clk 1:30:43]} 7. O-O
{[%clk 1:27:32]} Nf6 {[%clk 1:29:32]} 8. Nc3 {[%clk 1:26:39]} e6 {[%clk 1:29:33]}
9. a4 {[%clk 1:24:07]} Qc8 {[%clk 1:21:14]} 10. d3 {[%clk 1:14:40]} Bd6
{[%clk 1:14:36]} 11. Nb5 {[%clk 1:06:46]} Bb8 {[%clk 1:11:53]} 12. Be3
{[%clk 1:03:47]} O-O {[%clk 1:06:02]} 13. Nxa7 {[%clk 1:02:36]} Bxa7
{[%clk 1:05:07]} 14. Bxb6 {[%clk 1:03:01]} Bxb6 {[%clk 1:01:56]} 15. Qxb6
{[%clk 1:03:29]} Ra6 {[%clk 0:56:50]} 16. Qb4 {[%clk 0:58:08]} Qb8
{[%clk 0:53:20]} 17. Rfc1 {[%clk 0:51:35]} Rc8 {[%clk 0:52:06]} 18. Qf4
{[%clk 0:48:32]} h6 {[%clk 0:47:15]} 19. Qxb8 {[%clk 0:33:14]} Rxb8
{[%clk 0:47:44]} 20. b4 {[%clk 0:30:44]} Rba8 {[%clk 0:46:44]} 21. a5
{[%clk 0:29:38]} b6 {[%clk 0:47:00]} 22. Rc6 {[%clk 0:29:22]} Bxf3
{[%clk 0:40:46]} 23. Bxf3 {[%clk 0:29:18]} Nd7 {[%clk 0:40:47]} 24. d4
{[%clk 0:26:01]} R6a7 {[%clk 0:39:21]} 25. a6 {[%clk 0:20:16]} Rxa6 26. Rxa6 Rxa6
{[%clk 0:39:34]} 27. Rc8+ {[%clk 0:20:52]} Kh7 {[%clk 0:38:17]} 28. Rc7
{[%clk 0:20:58]} Nf6 {[%clk 0:36:37]} 29. Rb7 {[%clk 0:21:04]} Kg6
{[%clk 0:35:58]} 30. Kg2 {[%clk 0:19:26]} Ne8 {[%clk 0:35:14]} 31. b5
{[%clk 0:15:54]} Ra2 {[%clk 0:34:22]} 32. Rxb6 {[%clk 0:15:30]} Rb2
{[%clk 0:32:03]} 33. Bxd5 {[%clk 0:13:54]} Rxe2 {[%clk 0:32:25]} 34. Bf3
{[%clk 0:13:48]} Rb2 {[%clk 0:30:49]} 35. d5 {[%clk 0:13:57]} Kf5
{[%clk 0:30:38]} 36. dxe6 {[%clk 0:10:13]} fxe6 {[%clk 0:31:03]} 37. Rb8
{[%clk 0:08:08]} Nf6 {[%clk 0:29:51]} 38. b6 {[%clk 0:06:18]} Nd7
{[%clk 0:29:45]} 39. Rb7 {[%clk 0:04:43]} Nxb6 {[%clk 0:30:07]} 40. Rxg7
{[%clk 0:05:05]} Nc4 {[%clk 0:30:01]} 41. Bh5 {[%clk 0:01:53]} e5
{[%clk 0:17:07]} 42. h4 {[%clk 0:01:17]} e4 {[%clk 0:13:52]} 43. Rf7+
{[%clk 0:01:34]} Ke5 {[%clk 0:14:08]} 44. Kh3 {[%clk 0:01:53]} Nd6
{[%clk 0:10:29]} 45. Rf4 {[%clk 0:01:29]} Rb8 {[%clk 0:06:26]} 46. Bg6
{[%clk 0:01:49]} Rg8 {[%clk 0:06:50]} 47. h5 {[%clk 0:01:44]} Rb8
{[%clk 0:07:00]} 48. Kg2 {[%clk 0:00:43]} Ra8 {[%clk 0:06:07]} 49. Kf1
{[%clk 0:00:38]} Ra1+ {[%clk 0:05:28]} 50. Kg2 {[%clk 0:01:07]} Ra8
{[%clk 0:05:47]} 51. Kf1 {[%clk 0:00:47]} Ra1+ {[%clk 0:06:14]} 52. Ke2
{[%clk 0:00:42]} Ra2+ {[%clk 0:06:32]} 53. Kf1 1/2-1/2

[Event "Ch_SFO"]
[Site "?"]
[Date "2018.03.17"]
[Round "4.4"]
[White "Vysotskaya, Elizaveta"]
[Black "Orshonova, Elena"]
[Result "0-1"]
[BlackElo "2024"]
[WhiteElo "1675"]
[LiveChessVersion "1.4.8"]

1. e4 {[%clk 1:30:57]} e5 {[%clk 1:30:59]} 2. Nc3 {[%clk 1:31:18]} Nf6
{[%clk 1:31:21]} 3. Bc4 {[%clk 1:31:41]} Be7 {[%clk 1:31:49]} 4. d3
{[%clk 1:30:29]} O-O {[%clk 1:32:15]} 5. f4 {[%clk 1:30:34]} d6 {[%clk 1:31:33]}
6. Nf3 {[%clk 1:30:50]} Nbd7 {[%clk 1:30:51]} 7. O-O {[%clk 1:30:36]} c6
{[%clk 1:31:14]} 8. fxe5 {[%clk 1:29:05]} dxe5 {[%clk 1:31:13]} 9. a4
{[%clk 1:02:41]} a5 {[%clk 1:15:21]} 10. Kh1 {[%clk 1:00:30]} Qb6
{[%clk 1:03:56]} 11. d4 {[%clk 0:57:12]} exd4 {[%clk 1:03:59]} 12. Nxd4
{[%clk 0:56:55]} Ne5 {[%clk 1:03:59]} 13. Bb3 {[%clk 0:42:08]} Rd8
{[%clk 1:02:11]} 14. Be3 {[%clk 0:41:25]} c5 {[%clk 1:01:20]} 15. Nd5
{[%clk 0:41:08]} Nxd5 {[%clk 1:01:25]} 16. Bxd5 {[%clk 0:40:48]} cxd4
{[%clk 1:00:38]} 17. Bxd4 {[%clk 0:40:50]} Qd6 {[%clk 1:00:20]} 18. Qh5
{[%clk 0:29:15]} Bf6 {[%clk 0:55:15]} 19. Bxe5 {[%clk 0:21:38]} Qxe5
{[%clk 0:54:52]} 20. Qxf7+ {[%clk 0:21:06]} Kh8 {[%clk 0:55:16]} 21. Rad1
{[%clk 0:16:10]} Bg4 {[%clk 0:54:45]} 22. Rd2 {[%clk 0:13:21]} Rd7
{[%clk 0:51:05]} 0-1

[Event "Ch_SFO"]
[Site "?"]
[Date "2018.03.17"]
[Round "4.5"]
[White "Bocharov, Ivan"]
[Black "Khanin, Semen"]
[Result "1/2-1/2"]
[BlackElo "2463"]
[WhiteElo "2530"]
[LiveChessVersion "1.4.8"]

1. e4 {[%clk 1:31:00]} e5 {[%clk 1:30:55]} 2. Nf3 {[%clk 1:31:25]} Nc6
{[%clk 1:31:21]} 3. Bb5 {[%clk 1:31:51]} Nf6 {[%clk 1:31:42]} 4. O-O
{[%clk 1:32:09]} Nxe4 {[%clk 1:32:07]} 5. d4 {[%clk 1:32:30]} Nd6
{[%clk 1:32:32]} 6. dxe5 {[%clk 1:32:39]} Nxb5 {[%clk 1:32:57]} 7. a4
{[%clk 1:33:06]} Nbd4 {[%clk 1:33:23]} 8. Nxd4 {[%clk 1:33:29]} Nxd4
{[%clk 1:33:49]} 9. Qxd4 {[%clk 1:33:56]} d5 {[%clk 1:34:14]} 10. exd6
{[%clk 1:33:59]} Qxd6 {[%clk 1:34:40]} 11. Qe3+ {[%clk 1:33:29]} Be7
{[%clk 1:29:23]} 12. Nc3 {[%clk 1:28:51]} c6 {[%clk 1:22:06]} 13. Re1
{[%clk 1:25:32]} Be6 {[%clk 1:18:53]} 14. Ne4 {[%clk 1:10:38]} Qc7
{[%clk 1:17:51]} 15. Ng5 {[%clk 0:56:03]} Bxg5 {[%clk 1:17:32]} 16. Qxg5
{[%clk 0:56:31]} O-O {[%clk 1:17:45]} 17. Bf4 {[%clk 0:55:31]} Qd8
{[%clk 1:18:06]} 18. a5 {[%clk 0:54:22]} Qxg5 {[%clk 1:18:07]} 19. Bxg5
{[%clk 0:54:51]} Rfe8 {[%clk 1:17:30]} 20. f3 {[%clk 0:54:30]} a6
{[%clk 1:14:01]} 21. Kf2 {[%clk 0:53:56]} f6 {[%clk 1:14:26]} 22. Be3
{[%clk 0:54:16]} Rad8 {[%clk 1:14:51]} 23. Rad1 {[%clk 0:54:37]} Kf7
{[%clk 1:15:08]} 24. Bb6 {[%clk 0:54:49]} Rxd1 {[%clk 1:15:25]} 25. Rxd1
{[%clk 0:55:18]} Re7 {[%clk 1:15:13]} 26. Bc5 {[%clk 0:54:33]} Re8
{[%clk 1:14:59]} 27. Rd3 {[%clk 0:50:28]} Bf5 {[%clk 1:13:55]} 28. Rb3
{[%clk 0:50:37]} Bc8 {[%clk 1:14:20]} 29. Re3 {[%clk 0:51:01]} Be6
{[%clk 1:14:38]} 30. Re4 {[%clk 0:49:04]} Rd8 {[%clk 1:14:25]} 31. Ke3
{[%clk 0:46:34]} Rd5 {[%clk 1:14:24]} 32. b4 {[%clk 0:45:59]} Rd1
{[%clk 1:13:56]} 33. Rd4 {[%clk 0:46:08]} Re1+ {[%clk 1:11:57]} 34. Kf2
{[%clk 0:40:33]} Rc1 {[%clk 1:12:22]} 35. Rd8 {[%clk 0:40:17]} Rxc2+
{[%clk 1:12:48]} 36. Kg1 {[%clk 0:40:45]} Rc1+ {[%clk 1:12:04]} 37. Kf2
{[%clk 0:41:14]} Rc2+ {[%clk 1:12:26]} 38. Kg1 {[%clk 0:41:43]} Rc1+
{[%clk 1:11:30]} 39. Kf2 {[%clk 0:42:12]} Rc2+ {[%clk 1:11:53]} 40. Kg1
{[%clk 0:42:41]} Rc1+ 1/2-1/2